Hombres para los demás / [por] Pedro Arrupe, S.J.

Guardado en:
Detalles Bibliográficos
Autor principal: Arrupe, Pedro, S.J (autor)
Formato: Libro
Temas:
Etiquetas: Agrega una etiqueta
Sin etiquetas, Sé el primero en etiquetar este registro!

MARC

LEADER 00000nam^a2200000^u^4500
001 000535450
005 20250521000000.0
008 060220s1000^^^^^^^^^^^^r^^^^^000^0^spa^d
009 20260310131017.226
035 |a FMI 000000940 
037 |a Acervo Xavier Clavigero 
096 |a 4.4.1/60/C 
100 |a Arrupe, Pedro, S.J.  |e (autor) 
245 1 0 |a Hombres para los demás / [por] Pedro Arrupe, S.J. 
264 |a Valencia : Privada, 1973 
300 |a 38 p. 
336 |a texto  |b txt  |2 rdacontenido 
337 |a sin mediación  |b n  |2 rdamedio 
338 |a volumen  |b nc  |2 rdasoporte 
597 |a Alocución en el Congreso Eeuropeo de Antiguos Alumnos de Jesuitas - Valencia (España). 
649 |a XX 
650 |a ESPIRITUALIDAD DE LA SJ 
910 |a Fondo Francisco Migoya Covarrubias S.J. 
920 |a Impresos - Libros 
930 |a Fondos Especiales 
905 |a 134 
901 |a SBC18530  |b IT2  |c ESP  |u 20250521 
902 |a https://opac.biblio.iteso.mx/vufind/Record/000535450